[Event "San Francisco schev"]
[Site "San Francisco USA"]
[Date "1999.03.28"]
[Round "3"]
[White "Berry, Jonathan"]
[Black "Zugic, Igor"]
[Result "1-0"]
[WhiteElo "2315"]
[BlackElo "2370"]
[PlyCount "93"]
[EventDate "1999.03.26"]
[EventType "schev"]
[EventRounds "9"]
[EventCountry "USA"]
[Source "ChessBase"]
[SourceDate "1999.05.10"]

1. c4 c5 2. Nc3 Nc6 3. g3 g6 4. Bg2 Bg7 5. a3 e6 6. b4 d6 7. Rb1 Nge7 8. Nf3
O-O 9. O-O Rb8 10. e3 e5 11. d3 b6 12. b5 Na5 13. Nd2 f5 14. Nd5 Be6 15. Bb2
Nxd5 16. cxd5 Bd7 17. Bc3 Nb7 18. Qb3 h6 19. f4 exf4 20. gxf4 Qe8 21. Nc4 Bxc3
22. Qxc3 Bxb5 23. e4 Bxc4 24. Qxc4 Na5 25. Qc2 fxe4 26. dxe4 g5 27. Bh3 Qg6 28.
Kh1 Kh8 29. Bf5 Qf6 30. fxg5 hxg5 31. Rf3 Kg7 32. Rg1 Rf7 33. Rfg3 Kf8 34. Rxg5
Ke7 35. Qa4 Rd8 36. Rg6 Qc3 37. Re6+ Kf8 38. Qd1 Qh8 39. Qg4 Nc4 40. Rg6 Qc3
41. Qh5 Ne5 42. Qh8+ Ke7 43. Re6+ Kd7 44. Rf6+ Ke7 45. Rxf7+ Kxf7 46. Be6+ Ke7
47. Qg7+ 1-0

[Event "San Francisco schev"]
[Site "San Francisco USA"]
[Date "1999.03.28"]
[Round "4"]
[White "Zugic, Igor"]
[Black "Rey, Guillermo"]
[Result "1-0"]
[WhiteElo "2370"]
[BlackElo "2346"]
[PlyCount "153"]
[EventDate "1999.03.26"]
[EventType "schev"]
[EventRounds "9"]
[EventCountry "USA"]
[Source "ChessBase"]
[SourceDate "1999.05.10"]

1. d4 Nf6 2. c4 g6 3. Nf3 Bg7 4. g3 O-O 5. Bg2 d6 6. O-O Nc6 7. Nc3 a6 8. d5
Na5 9. Nd2 c5 10. Qc2 e5 11. a3 Qc7 12. b4 cxb4 13. axb4 Nxc4 14. Nb5 Qb6 15.
Nxc4 Qxb5 16. Ra5 Qe8 17. Nxd6 Qd8 18. Nc4 b6 19. Ra3 Bb7 20. e4 Rc8 21. Rc3
Ne8 22. Be3 b5 23. Na5 Rxc3 24. Qxc3 Bc8 25. Rc1 Nd6 26. Qc6 Re8 27. Bb6 Qd7
28. Qxd7 Bxd7 29. Rc7 Bc8 30. Bc5 Bf8 31. Nc6 f5 32. Na7 fxe4 33. Bxd6 Bxd6 34.
Rxc8 Rxc8 35. Nxc8 Bxb4 36. Na7 Bc5 37. Nc6 e3 38. fxe3 Bxe3+ 39. Kf1 Bc5 40.
Be4 Bd6 41. Ke2 Kf7 42. Kf3 Kf6 43. Bd3 e4+ 44. Kxe4 h5 45. Nd4 h4 46. gxh4
Bxh2 47. Nf3 Bg3 48. Kd4 Bd6 49. Kc3 Bc5 50. Be4 Bd6 51. Kd4 Ba3 52. Bd3 a5 53.
Bxb5 Kf5 54. Bd3+ Kf4 55. Ng5 Kg4 56. Bxg6 Kxh4 57. Ne6 Bd6 58. Nc5 a4 59. Nxa4
Kg5 60. Be4 Kf4 61. Nc5 Be5+ 62. Kc4 Bd6 63. Bh1 Ke5 64. Kb5 Kd4 65. Ne6+ Ke5
66. Kc6 Be7 67. Bg2 Bd6 68. Nc7 Be7 69. Nb5 Bf8 70. d6 Bxd6 71. Nxd6 Kd4 72.
Bd5 Ke5 73. Kc5 Kf6 74. Nc4 Kf5 75. Kd4 Kf6 76. Ke4 Kg6 77. Ke5 1-0

[Event "San Francisco schev"]
[Site "San Francisco USA"]
[Date "1999.03.29"]
[Round "5"]
[White "Schiller, Eric"]
[Black "Zugic, Igor"]
[Result "0-1"]
[WhiteElo "2222"]
[BlackElo "2370"]
[PlyCount "128"]
[EventDate "1999.03.26"]
[EventType "schev"]
[EventRounds "9"]
[EventCountry "USA"]
[Source "ChessBase"]
[SourceDate "1999.05.10"]

1. d4 e6 2. e4 d5 3. Nc3 Bb4 4. Bd2 Ne7 5. Nb1 c5 6. c3 Ba5 7. dxc5 dxe4 8. Qg4
Nf5 9. Qxe4 O-O 10. Nf3 Nd7 11. b4 Bc7 12. Bd3 Nf6 13. Qe2 e5 14. Ng5 h6 15.
Ne4 Nd5 16. Na3 Nh4 17. g3 Ng6 18. Nb5 Bb8 19. Nbd6 Be6 20. Nxb7 Qd7 21. Na5 f5
22. Bb5 Qf7 23. Nd6 Bxd6 24. cxd6 e4 25. c4 Nf6 26. Bc3 f4 27. c5 Nd5 28. Bd2
Ne5 29. O-O-O e3 30. fxe3 f3 31. Qf1 Qf6 32. Nb3 a6 33. Bd3 Bh3 34. Bc4 Bxf1
35. Bxd5+ Kh8 36. Rhxf1 Rae8 37. Bc3 Qg5 38. Bd4 f2 39. Rd2 Ng4 40. h4 Qd8 41.
e4 Qd7 42. Rfxf2 Nxf2 43. Bxf2 Qb5 44. Bd4 Qxb4 45. d7 Rd8 46. c6 a5 47. a4
Qxa4 48. Bc5 Rf1+ 49. Rd1 Rf3 50. c7 Qxd7 51. cxd8=Q+ Qxd8 52. Nd4 Rc3+ 53. Kd2
Rxc5 54. Ke3 Rxd5 55. exd5 Qxd5 56. Rd3 Qc5 57. Kd2 a4 58. Nc2 Kh7 59. Na3 Kg6
60. Ke2 Kf5 61. Kf3 Qc6+ 62. Kf2 Kg4 63. Rd4+ Kh3 64. Rd3 h5 0-1

[Event "San Francisco schev"]
[Site "San Francisco USA"]
[Date "1999.03.30"]
[Round "6"]
[White "Zugic, Igor"]
[Black "Pruess, David"]
[Result "1-0"]
[WhiteElo "2370"]
[BlackElo "2197"]
[PlyCount "95"]
[EventDate "1999.03.26"]
[EventType "schev"]
[EventRounds "9"]
[EventCountry "USA"]
[Source "ChessBase"]
[SourceDate "1999.05.10"]

1. d4 d5 2. c4 e6 3. Nc3 c6 4. cxd5 exd5 5. Bf4 Nf6 6. Qc2 Be7 7. e3 O-O 8. Bd3
Na6 9. Bxa6 bxa6 10. Nf3 Nh5 11. Bg3 Bb7 12. O-O Nxg3 13. hxg3 c5 14. dxc5 Bxc5
15. Rfd1 Rc8 16. Qb3 Qb6 17. Nxd5 Qxb3 18. axb3 Rfd8 19. Nc3 g6 20. Rxd8+ Rxd8
21. Rd1 Rxd1+ 22. Nxd1 Bd5 23. Nd2 f5 24. Nc3 Bb7 25. Nc4 Kf7 26. f3 Ke6 27.
Kf2 g5 28. Ke2 g4 29. Nd1 Bf8 30. Nf2 Bg7 31. e4 fxe4 32. Nxg4 Bd4 33. f4 Bd5
34. Nf2 a5 35. Nxa5 Bxb2 36. Nd1 Bd4 37. g4 Kf6 38. Ne3 Be6 39. g5+ Kg6 40. Nc6
Bc5 41. b4 Bd6 42. g3 Bd7 43. Nc4 Bxb4 44. N4e5+ Kf5 45. Nxb4 Ba4 46. Ke3 Bd1
47. Nbc6 a6 48. Nd4# 1-0

[Event "San Francisco schev"]
[Site "San Francisco USA"]
[Date "1999.03.30"]
[Round "7"]
[White "Lobo, Richard"]
[Black "Zugic, Igor"]
[Result "1/2-1/2"]
[WhiteElo "2277"]
[BlackElo "2370"]
[PlyCount "46"]
[EventDate "1999.03.26"]
[EventType "schev"]
[EventRounds "9"]
[EventCountry "USA"]
[Source "ChessBase"]
[SourceDate "1999.05.10"]

1. d4 d5 2. c4 e6 3. Nf3 c6 4. e3 f5 5. Bd3 Nf6 6. O-O Bd6 7. b3 Qe7 8. a4 Ne4
9. Ba3 Bxa3 10. Nxa3 a5 11. Ne5 O-O 12. f3 Nf6 13. f4 Nfd7 14. Nf3 b6 15. Nc2
Bb7 16. Nce1 Na6 17. Be2 c5 18. Nd3 dxc4 19. bxc4 Rac8 20. Qb3 Be4 21. Nde5
Nxe5 22. Nxe5 Nb4 23. Bf3 Bxf3 1/2-1/2

[Event "San Francisco schev"]
[Site "San Francisco USA"]
[Date "1999.03.31"]
[Round "8"]
[White "Zugic, Igor"]
[Black "Margulis, Isaak"]
[Result "1/2-1/2"]
[WhiteElo "2370"]
[BlackElo "2270"]
[PlyCount "79"]
[EventDate "1999.03.26"]
[EventType "schev"]
[EventRounds "9"]
[EventCountry "USA"]
[Source "ChessBase"]
[SourceDate "1999.05.10"]

1. d4 d6 2. Nf3 g6 3. g3 f5 4. Bg2 Nf6 5. c4 Bg7 6. O-O O-O 7. Nc3 Qe8 8. d5 e5
9. dxe6 Bxe6 10. Nd4 c6 11. b3 Na6 12. Bb2 Nc5 13. Qc2 Qe7 14. Rad1 Rfe8 15. b4
Ncd7 16. b5 Bxc4 17. bxc6 bxc6 18. Nxc6 Qf7 19. Rxd6 Nb6 20. Rfd1 Rac8 21. h3
Ba6 22. Ba1 h5 23. e3 Kh7 24. Na4 Nc4 25. Bf1 Nxd6 26. Bxa6 Nb7 27. Ne5 Rxc2
28. Nxf7 Re7 29. Ng5+ Kh6 30. h4 Rxa2 31. Bb5 a6 32. Bc6 Na5 33. Nc3 Rxa1 34.
Rxa1 Nxc6 35. Rxa6 Nb4 36. Ra5 Nh7 37. Nxh7 Bxc3 38. Ng5 Bf6 39. Rb5 Nd3 40.
Nf3 1/2-1/2

[Event "Koltanowski Team Match"]
[Site "San Francisco USA"]
[Date "1999.02.02"]
[Round "1"]
[White "Rey, Guillermo"]
[Black "Zugic, Igor"]
[Result "0-1"]
[WhiteElo "2346"]
[BlackElo "2370"]
[PlyCount "104"]
[EventDate "1999.02.??"]
[EventType "team"]
[EventRounds "9"]
[EventCountry "USA"]

1. d4 Nf6 2. c4 g6 3. Nc3 d5 4. Bf4 Bg7 5. e3 O-O 6. Rc1 c5 7. dxc5 Be6 8. Nf3
Nc6 9. Qa4 Ne4 10. Be2 Nxc3 11. bxc3 Qa5 12. Qxa5 Nxa5 13. cxd5 Bxd5 14. O-O
Rac8 15. Rfd1 Rxc5 16. Ne5 Bxe5 17. Bxe5 Bc4 18. Bd4 Rb5 19. a4 Bxe2 20. axb5
Bxd1 21. Rxd1 Rd8 22. Ra1 b6 23. Kf1 Rd7 24. f3 f6 25. f4 Nc4 26. Ra4 Rc7 27.
e4 Kf7 28. e5 fxe5 29. fxe5 Ke6 30. Kf2 Nxe5 31. Kg3 Nc4 32. Kg4 Kd5 33. Kg5 e5
34. Bf2 Nd6 35. Kh6 Ke6 36. Bg3 Nf5+ 37. Kg5 h6+ 38. Kg4 Nd6 39. Be1 Nxb5 40.
Bd2 Nd6 41. Bxh6 Rc4+ 42. Rxc4 Nxc4 43. Bc1 a5 44. Kg5 Kf7 45. h4 a4 46. h5
gxh5 47. Kf5 a3 48. Bxa3 Nxa3 49. Kxe5 Kg6 50. Kd5 b5 51. Kc5 Kg5 52. Kb4 Nb1
0-1

[Event "Koltanowski Team Match"]
[Site "San Francisco USA"]
[Date "1999.02.03"]
[Round "2"]
[White "Zugic, Igor"]
[Black "Pinto, Mark"]
[Result "1-0"]
[WhiteElo "2370"]
[BlackElo "2165"]
[PlyCount "27"]
[EventDate "1999.02.??"]
[EventType "team"]
[EventRounds "9"]
[EventCountry "USA"]

1. d4 Nf6 2. c4 e6 3. Nf3 b6 4. g3 Ba6 5. Qa4 c6 6. Nc3 d5 7. cxd5 b5 8. Qb3 b4
9. dxe6 bxc3 10. exf7+ Ke7 11. bxc3 Qd5 12. Bg2 Qxb3 13. axb3 Kxf7 14. Ne5+ 1-0

[Event "Koltanowski Team Match"]
[Site "San Francisco USA"]
[Date "1999.02.05"]
[Round "4"]
[White "Zugic, Igor"]
[Black "Cartagena, Omar"]
[Result "1-0"]
[WhiteElo "2370"]
[BlackElo "2440"]
[PlyCount "83"]
[EventDate "1999.02.??"]
[EventType "team"]
[EventRounds "9"]
[EventCountry "USA"]

1. d4 d5 2. c4 e6 3. Nc3 c5 4. cxd5 exd5 5. Nf3 Nc6 6. g3 Nf6 7. Bg2 c4 8. Ne5
Bb4 9. O-O O-O 10. Bg5 Bxc3 11. bxc3 h6 12. Bxf6 Qxf6 13. f4 Ne7 14. e4 dxe4
15. Bxe4 Qa6 16. f5 f6 17. Ng4 Bd7 18. Qf3 Rab8 19. Rae1 Qd6 20. Bxb7 Bxf5 21.
Nf2 Qd7 22. Ba6 Be6 23. Qe2 Rb6 24. Bxc4 Bxc4 25. Qxc4+ Nd5 26. Ne4 Rb2 27. Nc5
Qf7 28. Rf5 Nb6 29. Qxf7+ Kxf7 30. Rf2 Rxf2 31. Kxf2 f5 32. Re5 g6 33. Ke2 Re8
34. Rxe8 Kxe8 35. Kd3 Nd5 36. Kc4 Ne3+ 37. Kb5 g5 38. Kc6 h5 39. d5 Nc4 40. Ne6
g4 41. d6 Ne5+ 42. Kc7 1-0

[Event "Koltanowski Team Match"]
[Site "San Francisco USA"]
[Date "1999.02.06"]
[Round "5"]
[White "Lobo, Richard"]
[Black "Zugic, Igor"]
[Result "1-0"]
[WhiteElo "2277"]
[BlackElo "2370"]
[PlyCount "71"]
[EventDate "1999.02.??"]
[EventType "team"]
[EventRounds "9"]
[EventCountry "USA"]

1. d4 Nf6 2. c4 g6 3. f3 d5 4. cxd5 Nxd5 5. e4 Nb6 6. Nc3 Bg7 7. Be3 O-O 8. Qd2
e5 9. d5 c6 10. h4 cxd5 11. exd5 Re8 12. h5 N8d7 13. hxg6 fxg6 14. Rd1 Nf8 15.
Bg5 Bf6 16. Bxf6 Qxf6 17. Ne4 Qg7 18. g4 Kh8 19. Qg5 Bd7 20. Nh3 Red8 21. Qh4
Be8 22. d6 Bc6 23. Nhg5 Bxe4 24. Nxe4 Ne6 25. Nf6 Nf8 26. g5 Rac8 27. Qe4 Rc6
28. Bb5 Rc5 29. Be2 Nbd7 30. Qe3 Rcc8 31. Ne4 Ne6 32. Qxa7 Ndc5 33. Nxc5 Rxc5
34. Qb6 Rc6 35. Qa5 Nd4 36. Qxd8+ 1-0

[Event "Koltanowski Team Match"]
[Site "San Francisco USA"]
[Date "1999.02.08"]
[Round "7"]
[White "O'Donnell, Tom"]
[Black "Zugic, Igor"]
[Result "0-1"]
[WhiteElo "2357"]
[BlackElo "2370"]
[PlyCount "80"]
[EventDate "1999.02.??"]
[EventType "team"]
[EventRounds "9"]
[EventCountry "USA"]

1. e4 Nf6 2. e5 Nd5 3. d4 d6 4. Nf3 dxe5 5. Nxe5 g6 6. Bc4 c6 7. Nc3 Be6 8. Ne4
Nc7 9. Bxe6 Nxe6 10. Qf3 f6 11. Qb3 Qd5 12. Qxb7 Qxe4+ 13. Be3 fxe5 14. Qxa8
exd4 15. Qxb8+ Kf7 16. O-O dxe3 17. fxe3+ Kg7 18. Qxa7 h5 19. Qd7 Kh6 20. a4
Bg7 21. Qd3 Qe5 22. a5 Rd8 23. Qa3 Qxb2 24. Qxe7 Qe5 25. Rab1 Rd2 26. Qb4 Qxe3+
27. Kh1 Qg5 28. Rg1 Nc5 29. Rbd1 Rxc2 30. a6 Ra2 31. Qc4 Ra4 32. Qc2 Rxa6 33.
Rc1 Ra5 34. Rge1 Rb5 35. Qc4 Qg4 36. Qxg4 hxg4 37. Rc4 Nd3 38. Rf1 Ne5 39. Rc3
Rd5 40. h3 c5 0-1

[Event "Koltanowski Team Match"]
[Site "San Francisco USA"]
[Date "1999.02.09"]
[Round "8"]
[White "Zugic, Igor"]
[Black "Cusi, Ronald"]
[Result "1/2-1/2"]
[WhiteElo "2370"]
[BlackElo "2375"]
[PlyCount "54"]
[EventDate "1999.02.??"]
[EventType "team"]
[EventRounds "9"]
[EventCountry "USA"]

1. d4 d5 2. c4 c6 3. Nf3 Nf6 4. Nc3 a6 5. a4 Bf5 6. Qb3 Ra7 7. Bf4 e6 8. e3
Nbd7 9. h3 h6 10. Bh2 Be7 11. Be2 O-O 12. O-O b6 13. Rac1 Qa8 14. Rfd1 Rc8 15.
Qa2 dxc4 16. Bxc4 b5 17. Be2 b4 18. Nb1 Be4 19. Nbd2 Bd5 20. Bc4 c5 21. Bxd5
Nxd5 22. Nc4 Rb7 23. Bd6 cxd4 24. Bxe7 Nxe7 25. Rxd4 Nf5 26. Rd2 Rbc7 27. Rcd1
Rxc4 1/2-1/2

[Event "Wch U18"]
[Site "Oropesa del Mar ESP"]
[Date "1998.10.27"]
[Round "3"]
[White "Sandhu, Mario"]
[Black "Zugic, Igor"]
[Result "0-1"]
[WhiteElo "2190"]
[BlackElo "2335"]
[PlyCount "77"]
[EventDate "1998.10.25"]
[EventType "swiss"]
[EventRounds "11"]
[EventCountry "ESP"]
[Source "ChessBase"]
[SourceDate "1999.01.01"]

1. e4 Nf6 2. Nc3 d5 3. e5 Ne4 4. Nxe4 dxe4 5. d4 exd3 6. Qxd3 Qxd3 7. Bxd3 Nc6
8. f4 Nb4 9. Be4 f5 10. exf6 exf6 11. a3 Nc6 12. Bxc6+ bxc6 13. Be3 Bd6 14.
O-O-O Kf7 15. Nf3 Re8 16. Bd2 Bg4 17. Rdf1 Bxf3 18. Rxf3 Re2 19. g3 Rae8 20. h4
h5 21. Kd1 Rg2 22. Re1 Rb8 23. Kc1 Re8 24. Rxe8 Kxe8 25. Be3 a6 26. Kd1 g5 27.
hxg5 fxg5 28. fxg5 Rxg3 29. Rxg3 Bxg3 30. Ke2 Kf7 31. Kf3 Be5 32. b3 Bd6 33.
Bf4 Bxa3 34. Bxc7 Kg6 35. c4 Kxg5 36. Ba5 Kf5 37. b4 Bb2 38. Bb6 Be5 39. Bc5
0-1

[Event "Wch U18"]
[Site "Oropesa del Mar ESP"]
[Date "1998.10.29"]
[Round "4"]
[White "Acs, Peter"]
[Black "Zugic, Igor"]
[Result "1-0"]
[WhiteElo "2500"]
[BlackElo "2335"]
[PlyCount "93"]
[EventDate "1998.10.25"]
[EventType "swiss"]
[EventRounds "11"]
[EventCountry "ESP"]
[Source "ChessBase"]
[SourceDate "1999.01.01"]

1. e4 e6 2. d4 d5 3. Nc3 Bb4 4. e5 c5 5. a3 Bxc3+ 6. bxc3 Ne7 7. Qg4 O-O 8. Bd3
Nbc6 9. Qh5 Ng6 10. Nf3 Qe8 11. h4 Bd7 12. Qg4 f5 13. Qh3 Na5 14. h5 Ne7 15.
Qh4 Kh8 16. Bg5 Ng8 17. Qg3 h6 18. Bf4 Kh7 19. Nh4 Ne7 20. Qf3 Bb5 21. g4 Bxd3
22. Qxd3 c4 23. Qf3 fxg4 24. Qxg4 Qf7 25. Rg1 Rg8 26. Ke2 Nac6 27. Rg2 Raf8 28.
Ng6 Re8 29. Nh4 Ref8 30. Bd2 Nf5 31. Ng6 Rb8 32. Nf4 Nce7 33. Qg6+ Qxg6 34.
hxg6+ Kh8 35. Nxe6 Nh4 36. Rh1 Nhf5 37. Rh5 Rge8 38. Nf4 Kg8 39. Kf3 Rf8 40.
Kg4 b5 41. Ne6 a5 42. Nxf8 Rxf8 43. Rgh2 b4 44. axb4 axb4 45. R2h3 b3 46. cxb3
cxb3 47. Rh1 1-0

[Event "Wch U18"]
[Site "Oropesa del Mar ESP"]
[Date "1998.10.30"]
[Round "5"]
[White "Zugic, Igor"]
[Black "Stepanov, Timofej"]
[Result "1-0"]
[WhiteElo "2335"]
[BlackElo "2190"]
[PlyCount "133"]
[EventDate "1998.10.25"]
[EventType "swiss"]
[EventRounds "11"]
[EventCountry "ESP"]
[Source "ChessBase"]
[SourceDate "1999.01.01"]

1. d4 Nf6 2. c4 e6 3. Nf3 b6 4. g3 Ba6 5. b3 d5 6. cxd5 exd5 7. Bg2 c5 8. O-O
Nc6 9. Bb2 Rc8 10. dxc5 Bxc5 11. a3 O-O 12. Bh3 Re8 13. Re1 Rc7 14. b4 Bf8 15.
Nbd2 Ne4 16. Rc1 Nd6 17. e3 Nc4 18. Nxc4 Bxc4 19. Bf1 b5 20. Nd4 Nxd4 21. Qxd4
Rd7 22. Bh3 Rb7 23. Bg2 Qb6 24. Qg4 Qe6 25. Qd4 Qb6 26. Qc3 Rd7 27. Red1 Red8
28. Rd4 Rd6 29. Rf4 Rc6 30. h4 Rg6 31. Qd2 Rgd6 32. Bd4 Qa6 33. Qb2 Qa4 34. Rg4
Rg6 35. Rxg6 hxg6 36. Bf3 Rd6 37. Be5 Ra6 38. Rc3 Re6 39. Bd4 Qa6 40. Qd2 Re8
41. Kg2 Qb7 42. Rc1 Qd7 43. Bb2 Bd6 44. Rh1 Be5 45. Bxe5 Rxe5 46. Qd4 Qe7 47.
h5 gxh5 48. Bxh5 Re4 49. Qd1 Re6 50. Bf3 Rd6 51. Rh4 Qf6 52. Rd4 Ra6 53. Bxd5
Rxa3 54. Bxc4 bxc4 55. Rxc4 Ra1 56. Qd5 Qe6 57. Qa8+ Kh7 58. Rh4+ Kg6 59. Qf3
f5 60. e4 fxe4 61. Rxe4 Qa6 62. Rg4+ Kh7 63. Qf5+ Kg8 64. Qd5+ Kf8 65. Rf4+ Ke8
66. Qg8+ Kd7 67. Qxg7+ 1-0

[Event "Wch U18"]
[Site "Oropesa del Mar ESP"]
[Date "1998.10.31"]
[Round "6"]
[White "Mogilarov, Dimitar"]
[Black "Zugic, Igor"]
[Result "0-1"]
[WhiteElo "2090"]
[BlackElo "2335"]
[PlyCount "64"]
[EventDate "1998.10.25"]
[EventType "swiss"]
[EventRounds "11"]
[EventCountry "ESP"]
[Source "ChessBase"]
[SourceDate "1999.01.01"]

1. e4 Nf6 2. Nc3 d5 3. e5 Ne4 4. Nce2 d4 5. c3 dxc3 6. Qa4+ Nd7 7. d4 Nd2 8. e6
fxe6 9. Nf4 c6 10. Bd3 Nb6 11. Qc2 Qxd4 12. Nge2 Qf6 13. bxc3 Ndc4 14. Bxh7 Ne5
15. Nh5 Qf7 16. Nhf4 g5 17. Bg6 Nxg6 18. Nxg6 Rg8 19. Nxf8 Qxf8 20. Be3 Nd5 21.
Bd4 Qf5 22. Qd2 e5 23. Ng3 Qf6 24. Be3 Nf4 25. O-O Be6 26. Ne4 Qh6 27. Nc5 Rh8
28. Bxf4 gxf4 29. f3 Qxh2+ 30. Kf2 Qg3+ 31. Ke2 Bc4+ 32. Nd3 O-O-O 0-1

[Event "Wch U18"]
[Site "Oropesa del Mar ESP"]
[Date "1998.11.02"]
[Round "7"]
[White "Zugic, Igor"]
[Black "Horvath, Adam"]
[Result "1/2-1/2"]
[WhiteElo "2335"]
[BlackElo "2455"]
[PlyCount "55"]
[EventDate "1998.10.25"]
[EventType "swiss"]
[EventRounds "11"]
[EventCountry "ESP"]
[Source "ChessBase"]
[SourceDate "1999.01.01"]

1. d4 Nf6 2. c4 g6 3. Nf3 Bg7 4. g3 O-O 5. Bg2 d6 6. O-O Nbd7 7. Nc3 e5 8. e4
exd4 9. Nxd4 Re8 10. h3 a6 11. Re1 Rb8 12. Rb1 c5 13. Nc2 b5 14. cxb5 axb5 15.
Qxd6 b4 16. Nd5 Nxd5 17. Qxd5 Bb7 18. Qd1 Ra8 19. a3 b3 20. Ne3 Bxe4 21. Bxe4
Rxe4 22. Qxb3 c4 23. Qc2 Nc5 24. Rd1 Qc8 25. Nxc4 Qxh3 26. Be3 Rae8 27. Bxc5
Rh4 28. gxh4 1/2-1/2

[Event "Wch U18"]
[Site "Oropesa del Mar ESP"]
[Date "1998.11.03"]
[Round "8"]
[White "Gershon, Alik"]
[Black "Zugic, Igor"]
[Result "1-0"]
[WhiteElo "2460"]
[BlackElo "2335"]
[PlyCount "41"]
[EventDate "1998.10.25"]
[EventType "swiss"]
[EventRounds "11"]
[EventCountry "ESP"]
[Source "ChessBase"]
[SourceDate "1999.01.01"]

1. e4 e6 2. d4 d5 3. Nd2 Nf6 4. e5 Nfd7 5. Bd3 c5 6. c3 Nc6 7. Ngf3 f5 8. exf6
Qxf6 9. O-O cxd4 10. cxd4 Bd6 11. Re1 h6 12. Nf1 O-O 13. Ne3 Qf7 14. Ng4 Qh5
15. Nfe5 Qe8 16. Nxh6+ gxh6 17. Qg4+ Kh8 18. Ng6+ Kg7 19. Nxf8+ Kxf8 20. Bxh6+
Ke7 21. Qxe6+ 1-0

[Event "Wch U18"]
[Site "Oropesa del Mar ESP"]
[Date "1998.11.04"]
[Round "9"]
[White "Zugic, Igor"]
[Black "Crosa, Martin"]
[Result "1-0"]
[WhiteElo "2335"]
[BlackElo "2225"]
[PlyCount "129"]
[EventDate "1998.10.25"]
[EventType "swiss"]
[EventRounds "11"]
[EventCountry "ESP"]
[Source "ChessBase"]
[SourceDate "1999.01.01"]

1. d4 Nf6 2. c4 g6 3. Nf3 Bg7 4. g3 O-O 5. Bg2 d6 6. O-O c6 7. Nc3 Qa5 8. e4
Bg4 9. h3 Bxf3 10. Bxf3 e5 11. d5 cxd5 12. cxd5 Nbd7 13. Rb1 a6 14. Bd2 Rfc8
15. Qe2 b5 16. a3 Qd8 17. Rfc1 Ra7 18. Na2 Nc5 19. Nb4 Qd7 20. Bg4 Nxg4 21.
hxg4 Nb3 22. Rxc8+ Qxc8 23. Be3 Nd4 24. Bxd4 exd4 25. Nc6 Rc7 26. Rc1 d3 27.
Qxd3 Qxg4 28. Rc2 h5 29. Kg2 Kh7 30. Qf3 Qxf3+ 31. Kxf3 Kg8 32. Ke3 Kf8 33. b4
Ke8 34. a4 bxa4 35. Ra2 Rb7 36. Rxa4 Rb6 37. Kd3 g5 38. Kc4 Bf6 39. Ra3 Bb2 40.
Rf3 f6 41. Rb3 Be5 42. f4 gxf4 43. gxf4 Bxf4 44. Rh3 Kf7 45. Rxh5 Kg7 46. Rh1
Bg5 47. Nd4 Bd2 48. Rg1+ Kf7 49. Rb1 Kg6 50. Rb2 Bg5 51. Rh2 Kg7 52. Ne6+ Kg6
53. Ra2 Bh4 54. Nc7 Be1 55. Nxa6 Kg5 56. b5 Kf4 57. Re2 Bg3 58. Nc7 Kf3 59. Kd3
Rb7 60. Rc2 Be1 61. Rc6 Ba5 62. Ne6 Bb4 63. Rc7 Rb8 64. Rf7 Kg4 65. Kc4 1-0

[Event "Wch U18"]
[Site "Oropesa del Mar ESP"]
[Date "1998.11.06"]
[Round "10"]
[White "Zugic, Igor"]
[Black "Stevic, Hrvoje"]
[Result "0-1"]
[WhiteElo "2335"]
[BlackElo "2465"]
[PlyCount "112"]
[EventDate "1998.10.25"]
[EventType "swiss"]
[EventRounds "11"]
[EventCountry "ESP"]
[Source "ChessBase"]
[SourceDate "1999.01.01"]

1. d4 d5 2. c4 dxc4 3. Nf3 Nf6 4. e3 e6 5. Bxc4 c5 6. O-O a6 7. a4 Nc6 8. Qe2
Qc7 9. Rd1 Bd6 10. Nc3 O-O 11. h3 b6 12. dxc5 Bxc5 13. e4 Ne5 14. Bf4 Nxf3+ 15.
Qxf3 Bxf2+ 16. Qxf2 Qxc4 17. Be5 Nxe4 18. Qxb6 Nxc3 19. Bxc3 Qe4 20. Qf2 f6 21.
Rd4 Qc6 22. Bb4 Re8 23. Rd6 Qe4 24. Qd2 e5 25. Bc5 Bf5 26. b4 Qc2 27. Qxc2 Bxc2
28. Ra2 Bg6 29. Rad2 Rec8 30. a5 Be8 31. Kf2 Bb5 32. Ke3 h5 33. h4 Kf7 34. Kf3
Bc6+ 35. Kf2 Kg6 36. Bb6 Bb5 37. Bc5 Rc6 38. R6d5 Re6 39. Rd1 Rc8 40. R5d2 Rec6
41. Rc1 R6c7 42. g3 Rd7 43. Rxd7 Bxd7 44. Be3 Rxc1 45. Bxc1 Kf5 46. Be3 g5 47.
hxg5 fxg5 48. Bb6 h4 49. gxh4 gxh4 50. Bd8 h3 51. Bh4 Ke4 52. Bg3 Kd4 53. Bh2
e4 54. Bg1 Kd3 55. Bh2 e3+ 56. Ke1 Bb5 0-1

[Event "North Bay int"]
[Site "North Bay CAN"]
[Date "1998.08.05"]
[Round "1"]
[White "Palsson, Halldor"]
[Black "Zugic, Igor"]
[Result "1-0"]
[WhiteElo "2145"]
[BlackElo "2335"]
[PlyCount "93"]
[EventDate "1998.08.05"]
[EventType "swiss"]
[EventRounds "9"]
[EventCountry "CAN"]
[Source "ChessBase"]
[SourceDate "1998.11.10"]

1. d4 Nf6 2. c4 g6 3. Nc3 d5 4. Nf3 Bg7 5. cxd5 Nxd5 6. e4 Nxc3 7. bxc3 O-O 8.
Be2 c5 9. O-O Nc6 10. Be3 Na5 11. Rc1 Bg4 12. d5 b6 13. c4 e5 14. Ng5 Bd7 15.
f4 h6 16. Nf3 exf4 17. Bxf4 f5 18. e5 g5 19. Bg3 f4 20. Bf2 Bf5 21. Re1 Nb7 22.
Bd3 Qe8 23. Bxf5 Rxf5 24. Qd3 Rf8 25. e6 Qe7 26. Ne5 Bxe5 27. Rxe5 Rae8 28. Be1
Nd6 29. Bc3 Qh7 30. Qe2 f3 31. gxf3 Re7 32. Bb2 Qg6 33. Kh1 Qh5 34. f4 Qh4 35.
Rf1 Rxf4 36. Rxf4 Qxf4 37. Re3 Qxc4 38. Qxc4 Nxc4 39. Re2 Kf8 40. Bf6 Rb7 41.
h4 g4 42. Re4 Nd6 43. Rxg4 Ne8 44. Be5 b5 45. d6 Rb6 46. d7 Ke7 47. Rg8 1-0

[Event "North Bay int"]
[Site "North Bay CAN"]
[Date "1998.08.05"]
[Round "2"]
[White "Zugic, Igor"]
[Black "Morrell, Gord"]
[Result "1-0"]
[WhiteElo "2335"]
[BlackElo "2130"]
[PlyCount "67"]
[EventDate "1998.08.05"]
[EventType "swiss"]
[EventRounds "9"]
[EventCountry "CAN"]
[Source "ChessBase"]
[SourceDate "1998.11.10"]

1. d4 d5 2. c4 e6 3. Nc3 c5 4. cxd5 cxd4 5. Qxd4 Nc6 6. Qd1 exd5 7. Qxd5 Bd7 8.
Nf3 Nf6 9. Qd1 Bc5 10. e3 Qe7 11. Be2 g5 12. O-O g4 13. Nd4 h5 14. Ncb5 O-O-O
15. b4 Bb6 16. a4 a6 17. Qc2 Kb8 18. Nxc6+ Bxc6 19. Nd4 Be4 20. Bd3 Rhe8 21.
Bb2 Bxd3 22. Qxd3 Ne4 23. Rac1 Qxb4 24. Ba1 Qxa4 25. Rb1 Ba7 26. Rfc1 Rc8 27.
Rxc8+ Kxc8 28. Rc1+ Kb8 29. Nc6+ Ka8 30. Nxa7 Kxa7 31. Qd5 Qb5 32. Bd4+ Kb8 33.
Qxf7 Rc8 34. Qf4+ 1-0

[Event "North Bay int"]
[Site "North Bay CAN"]
[Date "1998.08.06"]
[Round "3"]
[White "Calton, Bill"]
[Black "Zugic, Igor"]
[Result "1/2-1/2"]
[WhiteElo "2270"]
[BlackElo "2335"]
[PlyCount "76"]
[EventDate "1998.08.05"]
[EventType "swiss"]
[EventRounds "9"]
[EventCountry "CAN"]
[Source "ChessBase"]
[SourceDate "1998.11.10"]

1. d4 e6 2. Nf3 Nf6 3. Bg5 d5 4. e3 Nbd7 5. Bd3 Be7 6. Nbd2 O-O 7. O-O h6 8.
Bh4 b6 9. c3 Bb7 10. Ne5 Nxe5 11. dxe5 Nd7 12. Bxe7 Qxe7 13. f4 Nc5 14. Bc2 a5
15. Qh5 Ba6 16. Rf2 f5 17. exf6 Rxf6 18. Nf3 Bd3 19. Ne5 Bxc2 20. Rxc2 Nd7 21.
g4 Nxe5 22. Qxe5 Rd8 23. c4 c5 24. Rd1 dxc4 25. Rcd2 Rxd2 26. Rxd2 Rg6 27. Rg2
Qd7 28. h3 Rf6 29. g5 hxg5 30. fxg5 Rf5 31. Qb8+ Rf8 32. Qxb6 Qd1+ 33. Kh2 Qd5
34. Qc7 g6 35. a4 Rf7 36. Qb8+ Kg7 37. Qg3 Rf3 38. Qc7+ Rf7 1/2-1/2